000 00323nam a22001457a 4500
008 230321b ||||| |||| 00| 0 eng d
020 _a9780881326017
041 _aeng
080 _a339.9
082 _a339.9JEN
100 _a24
101 _aEKONO
245 _aGLOBAL TRADE IN SERVICES
_cJENSEN.B.J
942 _2udc
_cBK
999 _c59411
_d59411